The threat of Japanese multinationals : How the West can respond

Αποθηκεύτηκε σε:
Λεπτομέρειες βιβλιογραφικής εγγραφής
Κύριος συγγραφέας: Franko, Lawrence G.
Μορφή: Βιβλίο
Γλώσσα:Undetermined
Έκδοση: New York John Wiley & Sons 1983
Θέματα:
Ετικέτες: Προσθήκη ετικέτας
Δεν υπάρχουν, Καταχωρήστε ετικέτα πρώτοι!
Thư viện lưu trữ: Trung tâm Học liệu Trường Đại học Cần Thơ
LEADER 00549nam a2200181Ia 4500
001 CTU_77830
008 210402s9999 xx 000 0 und d
082 |a 338.8 
082 |b F831 
100 |a Franko, Lawrence G. 
245 4 |a The threat of Japanese multinationals : 
245 0 |b How the West can respond 
245 0 |c Lawrence G. Franko 
260 |a New York 
260 |b John Wiley & Sons 
260 |c 1983 
650 |a Corporations, Japanese,International business enterprises 
980 |a Trung tâm Học liệu Trường Đại học Cần Thơ